Vainqueurs de la Coupe des champions de la CONCACAF - Statistiques

Statistiques générales
  • Ce quiz a été pris 3 fois
  • Le résultat moyen est 26 sur 62
Statistiques - réponses
Année Pays Vainqueur % Correct
1977 Mexique Club América
100%
1987 Mexique Club América
100%
1990 Mexique Club América
100%
1992 Mexique Club América
100%
2006 Mexique Club América
100%
2014-2015 Mexique Club América
100%
2015-2016 Mexique Club América
100%
2020 Mexique Tigres UANL
67%
1967 Salvador Alianza FC
33%
1976 Salvador CD Águila
33%
1979 Salvador CD FAS
33%
1962 Mexique CD Guadalajara
33%
2018 Mexique CD Guadalajara
33%
1972 Honduras CD Olimpia
33%
1988 Honduras CD Olimpia
33%
1983 Mexique CF Atlante
33%
2008-2009 Mexique CF Atlante
33%
2010-2011 Mexique CF Monterrey
33%
2011-2012 Mexique CF Monterrey
33%
2012-2013 Mexique CF Monterrey
33%
2019 Mexique CF Monterrey
33%
2021 Mexique CF Monterrey
33%
2002 Mexique CF Pachuca
33%
2007 Mexique CF Pachuca
33%
2008 Mexique CF Pachuca
33%
2009-2010 Mexique CF Pachuca
33%
2016-2017 Mexique CF Pachuca
33%
2024 Mexique CF Pachuca
33%
2023 Mexique Club León
33%
1975 Mexique Club Necaxa
33%
1999 Mexique Club Necaxa
33%
1991 Mexique Club Puebla
33%
1969 Mexique Cruz Azul
33%
1970 Mexique Cruz Azul
33%
1971 Mexique Cruz Azul
33%
1996 Mexique Cruz Azul
33%
1997 Mexique Cruz Azul
33%
2013-2014 Mexique Cruz Azul
33%
2025 Mexique Cruz Azul
33%
1994 Costa Rica CS Cartaginés
33%
1978 Guatemala CSD Comunicaciones
33%
1974 Guatemala CSD Municipal
33%
1998 États-Unis D.C. United
33%
1978 Trinité-et-Tobago Defence Force
33%
1985 Trinité-et-Tobago Defence Force
33%
1993 Costa Rica Deportivo Saprissa
33%
1995 Costa Rica Deportivo Saprissa
33%
2005 Costa Rica Deportivo Saprissa
33%
1968 Mexique Deportivo Toluca
33%
2003 Mexique Deportivo Toluca
33%
1986 Costa Rica LD Alajuelense
33%
2004 Costa Rica LD Alajuelense
33%
2000 États-Unis Los Angeles Galaxy
33%
1980 Mexique Pumas UNAM
33%
1982 Mexique Pumas UNAM
33%
1989 Mexique Pumas UNAM
33%
1963 Haïti RC Haïtien
33%
2022 États-Unis Seattle Sounders
33%
1973 Suriname SV Transvaal
33%
1981 Suriname SV Transvaal
33%
1978 Mexique Universidad de Guadalajara
33%
1984 Haïti Violette AC
33%
Aucun quiz correspondant
Distribution des résultats
% des personnes avec chaque résultat
Percentile par nombre de réponses
Votre historique - résultats
Vous n’avez pas pris ce quiz